000 00815nmm a2200313 a 4500
003 AR-BaBNM
005 20251128203351.0
008 017119s1945 ||||||||||||||000 | spa||
040 _cAR-BaBNM
100 1 _aMillares Carlo, Agustín
245 1 0 _aManual antológico de literatura latina
260 _aMéxico, D.F.
_bE.D.I.A.P.S.A.
_c1945
300 0 _a422 p.
500 0 _aContiene índice de nombres y títulos en p. 399
650 4 _aRETORICA
650 4 _aLITERATURA LATINA
650 4 _aANTOLOGIAS
650 4 _aHISTORIA ANTIGUA
650 4 _aMITOLOGIA
650 4 _aLEYENDAS
650 4 _aLITERATURA ANTIGUA
653 0 _aHELENISMO
653 0 _aLITERATURA EPICA
653 0 _aALEJANDRINISMO
653 _aPOESIA DIDACTICA
655 _aLITERATURA
942 _cBK
998 _cMARTIN
999 _c3063
_d3063